| 000 | 00557nam a2200169Ia 4500 | ||
|---|---|---|---|
| 008 | 090201s9999 xx 000 0 und d | ||
| 010 | _aKPL-25138 | ||
| 040 | _bमराठी | ||
| 041 | _aमराठी | ||
| 082 |
_a46097 _b25138 |
||
| 100 | _aप्रभाकर द. मराठे | ||
| 245 |
_aआणि आकाश पेटले _cप्रभाकर द. मराठे |
||
| 260 |
_c2005 _bसरीता प्रकाशन |
||
| 300 |
_a185 _bमोठा |
||
| 600 | _aआणि आकाश पेटले | ||
| 942 | _cBOOK | ||
| 999 |
_c242972 _d242972 |
||